[Event "NAYCC U14"]
[Site "Kingston CAN"]
[Date "2019.08.18"]
[Round "6.125"]
[White "Zhang, Kevin2"]
[Black "Xing, Larrance"]
[Result "1-0"]
[WhiteElo "1795"]
[BlackElo "1746"]
[PlyCount "103"]
[EventDate "2019.08.16"]
[EventType "swiss"]
[EventRounds "9"]
[EventCountry "CAN"]

1. e4 e6 2. d4 d5 3. e5 c5 4. c3 Nc6 5. Nf3 Qb6 6. a3 cxd4 7. cxd4 Nge7 8. Bd3
Bd7 9. Bc2 Ng6 10. O-O Be7 11. Nc3 O-O 12. b4 Rac8 13. Na4 Qc7 14. Nc5 Bxc5 15.
bxc5 b6 16. cxb6 Qxb6 17. Rb1 Qc7 18. Bd3 Rb8 19. Rxb8 Rxb8 20. Be3 Na5 21. Ng5
Bb5 22. Bxg6 hxg6 23. Re1 Nc4 24. Qf3 Nxe3 25. Qxe3 Rc8 26. Qh3 Qc3 27. Qh7+
Kf8 28. Nf3 Qc1 29. Qh8+ Ke7 30. Qxg7 Qf4 31. h3 Rc1 32. Qf6+ Qxf6 33. exf6+
Kxf6 34. Rxc1 Kf5 35. Rc7 f6 36. Rxa7 e5 37. a4 Bxa4 38. Rxa4 e4 39. Nh4+ Kg5
40. g3 f5 41. Ra6 e3 42. Rxg6+ Kh5 43. fxe3 f4 44. g4+ Kxh4 45. exf4 Kxh3 46.
f5 Kg3 47. f6 Kf3 48. f7 Ke2 49. f8=Q Ke1 50. Qf2+ Kd1 51. Ra6 Kc1 52. Ra1# 1-0

[Event "NAYCC U14"]
[Site "Kingston CAN"]
[Date "2019.08.18"]
[Round "6.126"]
[White "Wang, Oscar"]
[Black "Zhou, Skyler"]
[Result "1/2-1/2"]
[WhiteElo "1787"]
[BlackElo "1851"]
[PlyCount "65"]
[EventDate "2019.08.16"]
[EventType "swiss"]
[EventRounds "9"]
[EventCountry "CAN"]

1. e4 c6 2. d4 d5 3. exd5 cxd5 4. Nf3 Nf6 5. Bf4 Bf5 6. c4 e6 7. Nc3 Bd6 8.
Bxd6 Qxd6 9. cxd5 Nxd5 10. Nxd5 exd5 11. Bb5+ Nc6 12. O-O O-O 13. Rc1 Bg4 14.
Bxc6 bxc6 15. Qd3 Bxf3 16. Qxf3 Rab8 17. Qc3 Rb6 18. Rfe1 Rfb8 19. Rc2 g6 20.
a3 Rb3 21. Qxc6 Qxc6 22. Rxc6 Rxb2 23. h3 Rd2 24. Ra6 Rbb2 25. Rf1 Rxd4 26.
Rxa7 Rdd2 27. a4 Ra2 28. a5 d4 29. a6 d3 30. Ra8+ Kg7 31. a7 Kf6 32. g3 Ra6 33.
Kg2 1/2-1/2

[Event "NAYCC U14"]
[Site "Kingston CAN"]
[Date "2019.08.18"]
[Round "6.127"]
[White "Wang, Paul"]
[Black "Jeyakumar, Bhavatharshan"]
[Result "1-0"]
[WhiteElo "1977"]
[BlackElo "1731"]
[PlyCount "119"]
[EventDate "2019.08.16"]
[EventType "swiss"]
[EventRounds "9"]
[EventCountry "CAN"]

1. e4 c5 2. Nf3 d6 3. d4 cxd4 4. Nxd4 Nf6 5. Nc3 g6 6. Be3 Bg7 7. f3 O-O 8. Qd2
Nc6 9. g4 Re8 10. O-O-O Bd7 11. h4 h5 12. g5 Nh7 13. f4 Nxd4 14. Bxd4 e5 15.
Be3 exf4 16. Bxf4 Bc6 17. Bg2 Qb6 18. Be3 Qb4 19. Bd4 Bxd4 20. Qxd4 Qxd4 21.
Rxd4 Rad8 22. Rhd1 Re6 23. Bf1 Nf8 24. Bc4 Re5 25. Rxd6 Rxd6 26. Rxd6 Bxe4 27.
Rf6 Ne6 28. Bxe6 fxe6 29. Nxe4 Rxe4 30. Rxg6+ Kf7 31. Rf6+ Kg7 32. Kd2 Rxh4 33.
Rxe6 Kf7 34. Rh6 Kg7 35. Rd6 Rf4 36. Ke3 Rf7 37. Rh6 a6 38. Rxh5 Kg6 39. Rh2
Kxg5 40. Rg2+ Kh4 41. a4 Kh3 42. Rg8 Re7+ 43. Kd3 Rd7+ 44. Kc3 Rc7+ 45. Kb3 Kh4
46. c3 a5 47. Kc2 Rd7 48. b4 axb4 49. cxb4 b5 50. a5 Rb7 51. Rg6 Rf7 52. Rb6
Rf5 53. a6 Rf2+ 54. Kc3 Ra2 55. Kd4 Kg5 56. Rxb5+ Kf6 57. Ra5 Rd2+ 58. Kc5 Rd8
59. a7 Ra8 60. Kb6 1-0

[Event "NAYCC U14"]
[Site "Kingston CAN"]
[Date "2019.08.19"]
[Round "7.128"]
[White "Stoilov, Vadym"]
[Black "Craciun, David"]
[Result "0-1"]
[WhiteElo "1626"]
[BlackElo "1949"]
[PlyCount "56"]
[EventDate "2019.08.16"]
[EventType "swiss"]
[EventRounds "9"]
[EventCountry "CAN"]

1. e4 e5 2. Nf3 Nc6 3. Bb5 a6 4. Ba4 Nf6 5. d3 b5 6. Bb3 Be7 7. O-O d6 8. c3
O-O 9. Nbd2 Na5 10. Bc2 c5 11. Re1 Re8 12. Nf1 Bf8 13. Ng3 g6 14. h3 Bg7 15.
Nh2 d5 16. Ng4 Bb7 17. Bg5 Qb6 18. Nh6+ Kf8 19. Qf3 Qe6 20. d4 Nc4 21. b3 Nd6
22. dxe5 Nfxe4 23. exd6 Nxg5 24. Rxe6 Nxf3+ 25. gxf3 Rxe6 26. Ng4 f5 27. Nh2 f4
28. Ngf1 Bxc3 0-1

[Event "NAYCC U14"]
[Site "Kingston CAN"]
[Date "2019.08.19"]
[Round "7.129"]
[White "Lang, Quintin"]
[Black "Chakkoli, Anirud"]
[Result "0-1"]
[WhiteElo "1103"]
[BlackElo "1769"]
[PlyCount "114"]
[EventDate "2019.08.16"]
[EventType "swiss"]
[EventRounds "9"]
[EventCountry "CAN"]

1. e4 c5 2. Nf3 d6 3. d4 cxd4 4. Nxd4 Nf6 5. Nc3 a6 6. Bc4 e6 7. Be3 b5 8. Be2
Bb7 9. f3 Nbd7 10. O-O Be7 11. a3 O-O 12. Qe1 d5 13. exd5 Nxd5 14. Nxd5 Bxd5
15. Qg3 Kh8 16. Rad1 Qc8 17. c3 f5 18. f4 Rf6 19. Bh5 Rh6 20. Nxf5 exf5 21.
Rxd5 Rxh5 22. Qf3 Nf6 23. Rd3 Bc5 24. h3 Bxe3+ 25. Rxe3 Rh6 26. Re5 Ne4 27. Rd1
Ra7 28. Red5 Ra8 29. Qd3 Kg8 30. g4 Rg6 31. Kg2 Nc5 32. Qe3 Nb7 33. g5 Re6 34.
Qf2 Qc6 35. Kg3 Rae8 36. R5d3 Re2 37. Qf3 Qb6 38. Qd5+ Kh8 39. Qd4 Nc5 40. Kf3
Qc6+ 41. Kg3 Nxd3 42. Rxd3 Qg2+ 43. Kh4 R2e4 44. Rd2 Qf3 45. Rf2 Rxd4 46. Rxf3
Rd2 47. b3 Ra2 48. c4 Rxa3 49. cxb5 axb5 50. Kh5 Kg8 51. Kh4 Kf7 52. Kh5 Re4
53. h4 b4 54. Rd3 Rxf4 55. Rd7+ Kf8 56. Rd8+ Ke7 57. Rg8 Kf7 0-1

[Event "NAYCC U14"]
[Site "Kingston CAN"]
[Date "2019.08.19"]
[Round "7.130"]
[White "Xing, Larrance"]
[Black "Li, Weijie"]
[Result "1/2-1/2"]
[WhiteElo "1746"]
[BlackElo "2022"]
[PlyCount "150"]
[EventDate "2019.08.16"]
[EventType "swiss"]
[EventRounds "9"]
[EventCountry "CAN"]

1. e4 c5 2. Nc3 a6 3. g3 e6 4. Bg2 Nc6 5. d3 Nf6 6. Nh3 Be7 7. O-O d5 8. Bg5
dxe4 9. dxe4 Qxd1 10. Rfxd1 Bd7 11. Rd2 Rd8 12. Rad1 b5 13. Bf4 Nd4 14. Ne2
Nxe2+ 15. Rxe2 Bc6 16. Rxd8+ Bxd8 17. f3 Be7 18. Rd2 O-O 19. Nf2 Rd8 20. Rxd8+
Bxd8 21. Nd3 Nd7 22. Ne5 Nxe5 23. Bxe5 Bb6 24. Kf1 f6 25. Bf4 c4 26. Ke2 b4 27.
Be3 Bb5 28. c3 b3 29. a3 Ba5 30. Kd2 Bc7 31. Bc5 Kf7 32. f4 g6 33. Ke3 Ba5 34.
e5 fxe5 35. fxe5 Bc7 36. Kd4 Ke8 37. Bf1 Kd7 38. Bxc4 Bxe5+ 39. Kxe5 Bxc4 40.
h4 h5 41. Kd4 Be2 42. c4 Kc6 43. Bf8 e5+ 44. Kxe5 Bxc4 45. Kf4 Be6 46. Bg7 Bf5
47. Bc3 Kd5 48. Bh8 Kc4 49. Bc3 Kd3 50. Bh8 Kc2 51. Bf6 Bd3 52. g4 hxg4 53.
Kxg4 Be2+ 54. Kg5 Bd3 55. Be5 Be4 56. Bf6 Bd3 57. Bc3 Be4 58. Kf4 Bd3 59. Be5
Kd2 60. Kg5 Ke3 61. Bc3 Kf3 62. Bf6 Kg3 63. Bc3 Kf3 64. Bg7 Bc2 65. Bf6 Bd3 66.
h5 gxh5 67. Kxh5 Kf4 68. Bc3 Bf5 69. Kh6 Bd3 70. Kg7 Ke4 71. Kf6 Kd5 72. Ke7
Kc6 73. Ke6 Be2 74. Ke5 Bh5 75. Kd4 Bf7 1/2-1/2

[Event "NAYCC U14"]
[Site "Kingston CAN"]
[Date "2019.08.19"]
[Round "7.131"]
[White "Li, Kevin"]
[Black "Yoker, Callum"]
[Result "1/2-1/2"]
[WhiteElo "1912"]
[BlackElo "1345"]
[PlyCount "88"]
[EventDate "2019.08.16"]
[EventType "swiss"]
[EventRounds "9"]
[EventCountry "CAN"]

1. e4 c5 2. Nf3 Nc6 3. d4 cxd4 4. Nxd4 Qb6 5. Nb3 Nf6 6. Nc3 e6 7. a3 a6 8. Be3
Qc7 9. f3 b5 10. Be2 Be7 11. O-O O-O 12. Kh1 Bb7 13. f4 d6 14. Bf3 b4 15. axb4
Nxb4 16. Na5 d5 17. e5 Ne4 18. Nxb7 Qxb7 19. Bxe4 dxe4 20. f5 exf5 21. Rxf5 g6
22. Rf2 Rfd8 23. Qg4 Nd5 24. Nxd5 Qxd5 25. Qf4 Bf8 26. Raf1 Rd7 27. Rd2 Qb5 28.
Rxd7 Qxd7 29. Qxe4 Rd8 30. Qc4 Rc8 31. Qb3 Bg7 32. Bf4 Re8 33. Qc4 Qb7 34. Qc3
Rc8 35. Qd3 Qxb2 36. Qxa6 Qxc2 37. e6 fxe6 38. Qxe6+ Kh8 39. Be5 Bxe5 40. Qxe5+
Kg8 41. Qe6+ Kh8 42. Qf6+ Kg8 43. Qf7+ Kh8 44. Qe7 Qf5 1/2-1/2

[Event "NAYCC U14"]
[Site "Kingston CAN"]
[Date "2019.08.19"]
[Round "7.132"]
[White "Jeyakumar, Bhavatharshan"]
[Black "Wang, Eric"]
[Result "1/2-1/2"]
[WhiteElo "1731"]
[BlackElo "1554"]
[PlyCount "58"]
[EventDate "2019.08.16"]
[EventType "swiss"]
[EventRounds "9"]
[EventCountry "CAN"]

1. e4 e5 2. Nf3 Nc6 3. Bb5 a6 4. Ba4 Nf6 5. O-O Be7 6. Re1 b5 7. Bb3 d6 8. c3
O-O 9. h3 Na5 10. Bc2 c5 11. d4 Qc7 12. Bg5 Bd7 13. Nbd2 Nc6 14. dxc5 dxc5 15.
Nf1 Rad8 16. Qe2 Be6 17. Ne3 Rfe8 18. Nf5 Bxf5 19. exf5 Nd5 20. Bxe7 Ndxe7 21.
Nxe5 Nc8 22. f4 f6 23. Qh5 fxe5 24. f6 e4 25. Bxe4 g6 26. Bxg6 hxg6 27. Qxg6+
Kf8 28. Qh6+ Kg8 29. Qg6+ Kf8 1/2-1/2

[Event "NAYCC U14"]
[Site "Kingston CAN"]
[Date "2019.08.19"]
[Round "7.133"]
[White "Mai, Deren"]
[Black "Astudillo Cuevas, Alonso"]
[Result "0-1"]
[WhiteElo "1277"]
[BlackElo "1975"]
[PlyCount "70"]
[EventDate "2019.08.16"]
[EventType "swiss"]
[EventRounds "9"]
[EventCountry "CAN"]

1. e4 c5 2. Nc3 g6 3. d4 cxd4 4. Qxd4 Nf6 5. Bc4 Bg7 6. Qd3 Nc6 7. f4 O-O 8.
Nf3 Nb4 9. Qe2 d5 10. exd5 Nbxd5 11. Nxd5 Nxd5 12. O-O Bg4 13. c3 e6 14. h3
Qb6+ 15. Kh1 Bxf3 16. Rxf3 Rac8 17. Bxd5 exd5 18. Rd3 Rfe8 19. Qd1 Qf2 20. Qf3
Re1+ 21. Kh2 Qg1+ 22. Kg3 Rxc1 23. Rxc1 Qxc1 24. Rxd5 Qxb2 25. Rd7 Rxc3 26.
Rd8+ Bf8 27. Rd3 Rxd3 28. Qxd3 Qa3 29. Qxa3 Bxa3 30. Kf3 f5 31. g4 fxg4+ 32.
hxg4 Kf7 33. f5 gxf5 34. gxf5 Kf6 35. Kg4 b5 0-1

[Event "NAYCC U14"]
[Site "Kingston CAN"]
[Date "2019.08.19"]
[Round "7.134"]
[White "Ouellette, Alex"]
[Black "Liu, Harry"]
[Result "1/2-1/2"]
[WhiteElo "1393"]
[BlackElo "1735"]
[PlyCount "62"]
[EventDate "2019.08.16"]
[EventType "swiss"]
[EventRounds "9"]
[EventCountry "CAN"]

1. e4 c5 2. Nf3 Nc6 3. d4 cxd4 4. Nxd4 g6 5. Be2 Bg7 6. c3 Qb6 7. Nb3 Nf6 8.
Be3 Qc7 9. N1d2 d5 10. Bf3 dxe4 11. Nxe4 Bf5 12. Nxf6+ Bxf6 13. Bxc6+ Qxc6 14.
O-O e5 15. f4 e4 16. Nd4 Qd7 17. Nxf5 gxf5 18. Qxd7+ Kxd7 19. Rad1+ Ke6 20. Kf2
h5 21. a3 h4 22. Rg1 a5 23. a4 Ra6 24. h3 Rg8 25. Rd2 Rd8 26. Rgd1 Rxd2+ 27.
Rxd2 Rc6 28. Rd1 Rc4 29. Ra1 Rc6 30. Rd1 Rc4 31. Ra1 Rc6 1/2-1/2

[Event "NAYCC U14"]
[Site "Kingston CAN"]
[Date "2019.08.19"]
[Round "7.135"]
[White "De Costa, Benjamin"]
[Black "Liu, Harrison"]
[Result "0-1"]
[WhiteElo "1332"]
[BlackElo "1684"]
[PlyCount "80"]
[EventDate "2019.08.16"]
[EventType "swiss"]
[EventRounds "9"]
[EventCountry "CAN"]

1. d4 Nf6 2. c4 g6 3. f3 d5 4. cxd5 Nxd5 5. e4 Nf6 6. Nc3 Bg7 7. Be3 O-O 8. Qd2
c6 9. Bc4 e6 10. Nge2 Nbd7 11. Rd1 b5 12. Bb3 Nb6 13. O-O Bb7 14. Nc1 a5 15.
Nd3 a4 16. Bc2 Nc4 17. Qf2 Ng4 18. fxg4 Nxe3 19. Qxe3 Bxd4 20. Nf2 Bxe3 21.
Rxd8 Rfxd8 22. Kh1 Rd2 23. Nfd1 Rxc2 24. Nxe3 Rxb2 25. g5 b4 26. Ncd1 Rxa2 27.
Ng4 Kg7 28. Ne5 Rf8 29. Nd7 Ba6 30. Nxf8 Bxf1 31. Kg1 Ra1 32. Kxf1 Rxd1+ 33.
Ke2 Rd4 34. Ke3 c5 35. Nxe6+ fxe6 36. e5 a3 37. g4 a2 38. h4 a1=Q 39. h5 Qc3+
40. Kf2 Rd2+ 0-1

[Event "NAYCC U14"]
[Site "Kingston CAN"]
[Date "2019.08.19"]
[Round "7.136"]
[White "Ning, Oswin"]
[Black "Ivanescu, Mark"]
[Result "1/2-1/2"]
[WhiteElo "1805"]
[BlackElo "1985"]
[PlyCount "124"]
[EventDate "2019.08.16"]
[EventType "swiss"]
[EventRounds "9"]
[EventCountry "CAN"]

1. e4 e6 2. d4 d5 3. Nd2 h6 4. Ngf3 Nf6 5. Bd3 c5 6. exd5 exd5 7. dxc5 Bxc5 8.
h3 O-O 9. O-O Nc6 10. c3 a5 11. a4 Be6 12. Nb3 Bd6 13. Nbd4 Qd7 14. Nxe6 fxe6
15. Be3 e5 16. Bb5 Qc7 17. Qc2 Nh5 18. Qg6 Nf4 19. Bxf4 Rf6 20. Qd3 exf4 21.
Qxd5+ Kh8 22. Bxc6 bxc6 23. Qc4 Rg6 24. Qe4 Rf6 25. Nd4 Rc8 26. Rae1 Qf7 27.
Nf3 g5 28. Ne5 Qg7 29. Ng4 Rg6 30. Qd4 Qxd4 31. cxd4 Rb8 32. Ne5 Bxe5 33. Rxe5
Rxb2 34. Rxa5 Rd6 35. Rd1 Rb4 36. Ra6 Kg7 37. Kf1 Kf7 38. a5 Ke6 39. Rxc6 Rxc6
40. d5+ Kd6 41. dxc6+ Kxc6 42. Ra1 Kb7 43. a6+ Ka7 44. Ke2 Rb3 45. Ra2 f3+ 46.
gxf3 Rc3 47. Rd2 Rc6 48. Ra2 Rc3 49. Ra4 Rb3 50. h4 gxh4 51. Rxh4 Rb6 52. Ra4
Re6+ 53. Kf1 Rg6 54. Rg4 Rxa6 55. Rg7+ Kb8 56. Kg2 Kc8 57. Kg3 Kd8 58. Kg4 Rf6
59. f4 Ke8 60. f5 Kf8 61. Rg6 Kf7 62. Rxf6+ Kxf6 1/2-1/2

[Event "NAYCC U14"]
[Site "Kingston CAN"]
[Date "2019.08.19"]
[Round "7.137"]
[White "Vijendra, Vinushan"]
[Black "Wang, Robert"]
[Result "1-0"]
[WhiteElo "1474"]
[BlackElo "1287"]
[PlyCount "55"]
[EventDate "2019.08.16"]
[EventType "swiss"]
[EventRounds "9"]
[EventCountry "CAN"]

1. e4 e5 2. Nf3 Nc6 3. Bb5 a6 4. Ba4 Nf6 5. d3 b5 6. Bb3 d6 7. c3 Be7 8. a4 Bb7
9. Nbd2 O-O 10. O-O Na7 11. Re1 c5 12. Nf1 Re8 13. Ng3 Bf8 14. Ng5 Re7 15. Nh5
Rc7 16. Re3 c4 17. Nxf6+ gxf6 18. Nxh7 Kxh7 19. Rh3+ Kg8 20. Qg4+ Bg7 21. Rg3
Kf8 22. Qxg7+ Ke7 23. Bd1 cxd3 24. Rg6 Ke6 25. Bg4+ Ke7 26. Qxf6+ Kf8 27. Bh6+
Ke8 28. Rg8# 1-0

[Event "NAYCC U14"]
[Site "Kingston CAN"]
[Date "2019.08.19"]
[Round "7.138"]
[White "Li, Wing"]
[Black "Ran, Charles"]
[Result "1/2-1/2"]
[WhiteElo "1619"]
[BlackElo "1619"]
[PlyCount "61"]
[EventDate "2019.08.16"]
[EventType "swiss"]
[EventRounds "9"]
[EventCountry "CAN"]

1. d4 d5 2. c4 c6 3. Nf3 Nf6 4. Nc3 e6 5. e3 Bb4 6. Bd3 Nbd7 7. a3 Bd6 8. O-O
O-O 9. e4 dxe4 10. Nxe4 Nxe4 11. Bxe4 f5 12. Bc2 Nf6 13. Re1 Re8 14. b4 b6 15.
Ba4 Bb7 16. Bb2 a6 17. c5 Bc7 18. Bb3 Nd5 19. Qc2 Qf6 20. Rad1 a5 21. Bc3 Kh8
22. Bd2 h6 23. Re2 axb4 24. axb4 Ba6 25. Bc4 Bxc4 26. Qxc4 b5 27. Qb3 g5 28.
Rde1 g4 29. Ne5 Bxe5 30. Rxe5 Kh7 31. Qb1 1/2-1/2

[Event "NAYCC U14"]
[Site "Kingston CAN"]
[Date "2019.08.19"]
[Round "7.139"]
[White "Xu, Philip"]
[Black "Wang, Edward"]
[Result "1-0"]
[WhiteElo "1083"]
[BlackElo "1111"]
[PlyCount "95"]
[EventDate "2019.08.16"]
[EventType "swiss"]
[EventRounds "9"]
[EventCountry "CAN"]

1. c4 e5 2. Nc3 Nf6 3. g3 Bc5 4. Bg2 O-O 5. Nf3 Nc6 6. O-O d5 7. cxd5 Nxd5 8.
a3 f5 9. Qb3 Be6 10. Nxe5 Nxe5 11. Bxd5 Bxd5 12. Qxd5+ Qxd5 13. Nxd5 c6 14. Nc7
Bb6 15. Nxa8 Rxa8 16. b4 Rf8 17. d3 Ng4 18. h3 Nf6 19. Bb2 Nd5 20. e4 fxe4 21.
dxe4 Nf6 22. Bxf6 Rxf6 23. Kg2 Kf7 24. Rfd1 Ke8 25. a4 a5 26. bxa5 Bxa5 27.
Rdb1 Rf7 28. Rb3 Kd8 29. Rd1+ Kc8 30. f4 g6 31. Kf3 Bc7 32. Kg2 h5 33. e5 h4
34. Rf3 hxg3 35. Kxg3 Re7 36. h4 Rh7 37. Kg4 Bd8 38. Rh3 Rg7 39. f5 gxf5+ 40.
Kxf5 Rf7+ 41. Ke4 Re7 42. Kf5 Rf7+ 43. Kg6 Rf4 44. h5 Re4 45. Rxd8+ Kxd8 46.
Kf5 Rxa4 47. h6 Ra8 48. h7 1-0

[Event "NAYCC U14"]
[Site "Kingston CAN"]
[Date "2019.08.19"]
[Round "7.140"]
[White "Wei, Hunter"]
[Black "Yang, Henry"]
[Result "0-1"]
[WhiteElo "1530"]
[BlackElo "1527"]
[PlyCount "76"]
[EventDate "2019.08.16"]
[EventType "swiss"]
[EventRounds "9"]
[EventCountry "CAN"]

1. e4 e5 2. Nf3 Nc6 3. d4 exd4 4. Nxd4 Bc5 5. Be3 Qf6 6. c3 Nge7 7. Nd2 Nxd4 8.
cxd4 Bxd4 9. Bxd4 Qxd4 10. b3 O-O 11. Rc1 Nc6 12. Rc4 Qf6 13. Be2 d6 14. O-O
Be6 15. Rc1 Rac8 16. Nc4 Ne5 17. Qd2 Nxc4 18. Bxc4 Bxc4 19. Rxc4 c6 20. Rd1 g6
21. h3 Rcd8 22. Rd4 Rfe8 23. f3 Re6 24. Qb4 c5 25. Qxb7 cxd4 26. Qxa7 Rc8 27.
Rxd4 Rc1+ 28. Kf2 Qh4+ 29. Ke3 Re1+ 30. Kd2 Qf2+ 31. Kc3 Qxg2 32. Kb4 Qxf3 33.
a4 R1xe4 34. Qa8+ Re8 35. Qd5 Rxd4+ 36. Qxd4 Re4 37. Qxe4 Qxe4+ 38. Kb5 f5 0-1

[Event "NAYCC U14"]
[Site "Kingston CAN"]
[Date "2019.08.19"]
[Round "7.141"]
[White "He, Jinglai"]
[Black "Clarke, Adam"]
[Result "1-0"]
[WhiteElo "1398"]
[BlackElo "1072"]
[PlyCount "45"]
[EventDate "2019.08.16"]
[EventType "swiss"]
[EventRounds "9"]
[EventCountry "CAN"]

1. e4 e5 2. Nf3 d6 3. Bc4 Nc6 4. h3 Nf6 5. Nc3 Be7 6. d4 O-O 7. O-O d5 8. exd5
e4 9. dxc6 exf3 10. Qxf3 Qxd4 11. cxb7 Bxb7 12. Bxf7+ Rxf7 13. Qxb7 Rff8 14.
Qxc7 Bd6 15. Qa5 Kh8 16. Be3 Qh4 17. Qa4 Qh5 18. Nb5 Bb8 19. Rad1 Nd5 20. Qg4
Qe5 21. Qg3 Qxb2 22. Bd4 Qxb5 23. Qxg7# 1-0

[Event "NAYCC U14"]
[Site "Kingston CAN"]
[Date "2019.08.19"]
[Round "7.142"]
[White "Albury, Noah"]
[Black "Trey, Justin"]
[Result "0-1"]
[WhiteElo "1508"]
[BlackElo "1419"]
[PlyCount "52"]
[EventDate "2019.08.16"]
[EventType "swiss"]
[EventRounds "9"]
[EventCountry "CAN"]

1. e4 e6 2. d4 d5 3. e5 c5 4. c3 Nc6 5. Nf3 Qb6 6. b3 Nge7 7. Bd3 Nf5 8. Bxf5
exf5 9. O-O Be6 10. Be3 h6 11. Nbd2 Qc7 12. Re1 Be7 13. dxc5 g5 14. Re2 O-O-O
15. Bd4 f4 16. Ne1 Nxd4 17. cxd4 g4 18. f3 h5 19. a4 Rdg8 20. fxg4 hxg4 21. Nd3
f3 22. Rf2 Bg5 23. g3 Be3 24. Qe1 Bxd4 25. Rb1 Bf5 26. Rc1 Bxd3 0-1

[Event "NAYCC U14"]
[Site "Kingston CAN"]
[Date "2019.08.19"]
[Round "7.112"]
[White "Wu, Tony (Dongze)"]
[Black "Zheng, Richard Qinghe"]
[Result "1/2-1/2"]
[WhiteElo "2127"]
[BlackElo "2180"]
[PlyCount "49"]
[EventDate "2019.08.16"]
[EventType "swiss"]
[EventRounds "9"]
[EventCountry "CAN"]

1. d4 d5 2. Nf3 Nf6 3. g3 c5 4. Bg2 Nc6 5. O-O e6 6. c4 cxd4 7. Nxd4 Bc5 8.
Nxc6 bxc6 9. Qc2 Bb6 10. Rd1 O-O 11. e4 Qe7 12. Bg5 h6 13. Bxf6 Qxf6 14. exd5
exd5 15. c5 Bf5 16. Qc1 Ba5 17. Nd2 Bxd2 18. Qxd2 a5 19. Qd4 Qxd4 20. Rxd4 Rfe8
21. g4 Bd7 22. Bf3 Rab8 23. b3 Rb5 24. Rc1 Rb4 25. Rxb4 1/2-1/2

[Event "NAYCC U14"]
[Site "Kingston CAN"]
[Date "2019.08.19"]
[Round "7.113"]
[White "Oberoi, Shelev"]
[Black "Tanaka, Tyler"]
[Result "1/2-1/2"]
[WhiteElo "2140"]
[BlackElo "2227"]
[PlyCount "189"]
[EventDate "2019.08.16"]
[EventType "swiss"]
[EventRounds "9"]
[EventCountry "CAN"]

1. e4 c5 2. Nf3 d6 3. d4 Nf6 4. Nc3 cxd4 5. Qxd4 a6 6. e5 Nc6 7. Qa4 dxe5 8.
Nxe5 Bd7 9. Nxd7 Qxd7 10. Be3 Qg4 11. Qxg4 Nxg4 12. Bb6 e6 13. O-O-O Nf6 14.
Be2 Nd7 15. Be3 Bc5 16. Bg5 h6 17. Bh4 Be7 18. Bg3 Nf6 19. Bf3 O-O 20. Na4 Rad8
21. Bc7 Rxd1+ 22. Rxd1 Rc8 23. Bd6 Bxd6 24. Rxd6 Nb4 25. c3 Nbd5 26. Nb6 Rc6
27. Rd8+ Kh7 28. Nxd5 exd5 29. Bxd5 Nxd5 30. Rxd5 Rf6 31. f3 g5 32. Kd2 g4 33.
Rd3 gxf3 34. Rxf3 Rd6+ 35. Rd3 Rf6 36. Ke2 Kg7 37. c4 Rb6 38. b3 Kf6 39. Rd7
Re6+ 40. Kd2 b6 41. Ra7 a5 42. Rd7 Kg7 43. Rd3 Kf8 44. Re3 Rc6 45. Kd3 Rf6 46.
a3 Rf2 47. Re2 Rf1 48. Kc3 Rc1+ 49. Kb2 Rh1 50. g3 Rf1 51. b4 a4 52. c5 bxc5
53. bxc5 Rf3 54. c6 Rb3+ 55. Kc2 Rb6 56. Re4 Rxc6+ 57. Kd3 Rb6 58. Rxa4 Rb2 59.
Rh4 Rb3+ 60. Ke4 Rxa3 61. Rxh6 Kg7 62. Rd6 Ra4+ 63. Kf5 Ra5+ 64. Kf4 Ra4+ 65.
Kg5 Ra2 66. h4 Ra3 67. Kg4 Ra4+ 68. Kh3 Ra5 69. Rc6 Rb5 70. Rc4 Kg6 71. Kg4 Ra5
72. h5+ Kh6 73. Rc6+ Kg7 74. Kh4 Ra4+ 75. g4 f5 76. Kg5 fxg4 77. Rc7+ Kg8 78.
Rc8+ Kh7 79. Rc3 Rb4 80. Kh4 Ra4 81. Rc6 Rb4 82. Kg3 Ra4 83. Rg6 Rb4 84. Rxg4
Rxg4+ 85. Kxg4 Kh6 86. Kh4 Kh7 87. Kg5 Kg7 88. h6+ Kh7 89. Kh5 Kh8 90. Kg6 Kg8
91. Kf6 Kh7 92. Kg5 Kh8 93. Kg6 Kg8 94. h7+ Kh8 95. Kh6 1/2-1/2

[Event "NAYCC U14"]
[Site "Kingston CAN"]
[Date "2019.08.19"]
[Round "7.114"]
[White "Putnam, Liam Henry"]
[Black "Hu, Merric"]
[Result "1-0"]
[WhiteElo "2252"]
[BlackElo "2215"]
[PlyCount "41"]
[EventDate "2019.08.16"]
[EventType "swiss"]
[EventRounds "9"]
[EventCountry "CAN"]

1. e4 c5 2. Nf3 Nc6 3. d4 cxd4 4. Nxd4 Nf6 5. Nc3 g6 6. Nxc6 bxc6 7. e5 Ng8 8.
Bc4 Bg7 9. Qf3 f5 10. Bf4 Qa5 11. O-O Qc5 12. b3 Bxe5 13. Bxe5 Qxe5 14. Rfe1
Qf6 15. Bxg8 Rxg8 16. Nd5 Qd6 17. Nxe7 Qxe7 18. Qc3 Kf8 19. Rxe7 Kxe7 20. Re1+
Kd8 21. Qa5# 1-0

[Event "NAYCC U14"]
[Site "Kingston CAN"]
[Date "2019.08.19"]
[Round "7.115"]
[White "Doknjas, Neil"]
[Black "England, Max"]
[Result "0-1"]
[WhiteElo "2083"]
[BlackElo "1998"]
[PlyCount "118"]
[EventDate "2019.08.16"]
[EventType "swiss"]
[EventRounds "9"]
[EventCountry "CAN"]

1. e4 e5 2. Nf3 Nc6 3. Bb5 a6 4. Ba4 Nf6 5. O-O Be7 6. Re1 b5 7. Bb3 d6 8. c3
O-O 9. h3 Na5 10. Bc2 c5 11. d4 Qc7 12. d5 Bd7 13. b3 Rfc8 14. Nbd2 c4 15. b4
Nb7 16. a4 a5 17. Ba3 Qd8 18. bxa5 Rxa5 19. Bb4 Raa8 20. axb5 Rxa1 21. Qxa1 Ra8
22. Qb2 Bxb5 23. Nxe5 dxe5 24. Bxe7 Qxe7 25. Qxb5 Nd6 26. Qc5 Rc8 27. Qb4 Nh5
28. g3 Qg5 29. Nf3 Qf6 30. Kg2 Re8 31. Ba4 Rf8 32. Bd1 g6 33. h4 Ra8 34. Be2
Nxe4 35. Bxc4 Qf5 36. Bf1 Nf4+ 37. Kh2 Nxf2 38. gxf4 e4 39. Ng5 Qxf4+ 40. Kg2
Ng4 41. Nxe4 Ra2+ 42. Be2 Ne3+ 43. Kg1 Rxe2 44. Nf6+ Qxf6 45. Qb8+ Kg7 46. Qg3
Rg2+ 47. Qxg2 Nxg2 48. Kxg2 Qxc3 49. Re2 Qd4 50. Rf2 Qxd5+ 51. Kh3 f5 52. Rg2
Qf3+ 53. Kh2 Qe4 54. Kh3 f4 55. Rb2 Qh1+ 56. Kg4 h5+ 57. Kg5 Qg1+ 58. Kxf4 Qd4+
59. Kg5 Qf6# 0-1

[Event "NAYCC U14"]
[Site "Kingston CAN"]
[Date "2019.08.19"]
[Round "7.116"]
[White "Zong, Davis"]
[Black "Tu, Lewis"]
[Result "1-0"]
[WhiteElo "2263"]
[BlackElo "1937"]
[PlyCount "67"]
[EventDate "2019.08.16"]
[EventType "swiss"]
[EventRounds "9"]
[EventCountry "CAN"]

1. d4 d5 2. c4 e6 3. Nc3 c6 4. e3 Nf6 5. Nf3 Nbd7 6. Qc2 Bd6 7. Bd3 dxc4 8.
Bxc4 b5 9. Bd3 a6 10. O-O Bb7 11. e4 c5 12. d5 c4 13. Be2 b4 14. dxe6 bxc3 15.
exd7+ Qxd7 16. e5 cxb2 17. Bxb2 c3 18. Bxc3 Ne4 19. exd6 Rc8 20. Ne5 Rxc3 21.
Qb2 Qe6 22. Qxb7 Nxd6 23. Qb2 Qxe5 24. Rac1 Ne4 25. Bf3 O-O 26. Bxe4 Rc5 27.
Qxe5 Rxe5 28. Bc2 g6 29. Bb3 a5 30. g3 Re4 31. Rc4 Rxc4 32. Bxc4 Rc8 33. Bb5
Rc2 34. a4 1-0

[Event "NAYCC U14"]
[Site "Kingston CAN"]
[Date "2019.08.19"]
[Round "7.117"]
[White "Kang, Dorian"]
[Black "Mao, Fengxi"]
[Result "1-0"]
[WhiteElo "2209"]
[BlackElo "2111"]
[PlyCount "73"]
[EventDate "2019.08.16"]
[EventType "swiss"]
[EventRounds "9"]
[EventCountry "CAN"]

1. c4 Nf6 2. Nc3 e6 3. e4 d5 4. cxd5 exd5 5. e5 Ne4 6. d4 Bb4 7. Qa4+ Nc6 8.
Bb5 Bd7 9. Bxc6 Bxc3+ 10. bxc3 Bxc6 11. Qb3 Qh4 12. Be3 O-O-O 13. h3 Qe7 14.
Nf3 Kb8 15. a4 h6 16. Kd1 Rhe8 17. Ne1 Qd7 18. Kc2 Ka8 19. Nd3 Rb8 20. g4 h5
21. Rhg1 Rh8 22. f3 hxg4 23. fxe4 dxe4 24. Nf2 gxh3 25. c4 Qf5 26. d5 Bd7 27.
Qc3 Qf3 28. Kd2 h2 29. Rh1 Bf5 30. Qd4 b6 31. a5 Rh5 32. d6 c6 33. axb6 Rb7 34.
Rxa7+ Rxa7 35. bxa7 Bg4 36. Qb6 Qe2+ 37. Kc3 1-0

[Event "NAYCC U14"]
[Site "Kingston CAN"]
[Date "2019.08.19"]
[Round "7.118"]
[White "Zhang, Samuel"]
[Black "Hua, Charles"]
[Result "1/2-1/2"]
[WhiteElo "2048"]
[BlackElo "2062"]
[PlyCount "65"]
[EventDate "2019.08.16"]
[EventType "swiss"]
[EventRounds "9"]
[EventCountry "CAN"]

1. e4 c5 2. Nf3 e6 3. d4 cxd4 4. Nxd4 a6 5. Nc3 b5 6. g3 Bb7 7. Bg2 Nf6 8. O-O
b4 9. Nd5 exd5 10. exd5 Bc5 11. Re1+ Kf8 12. Nf5 d6 13. Bf4 h6 14. h4 h5 15.
Qd2 Ng4 16. Re2 Qb6 17. Rae1 Nd7 18. Bh3 Ndf6 19. Bxg4 Nxg4 20. c4 bxc3 21.
Qxc3 Rh7 22. Qc2 g6 23. Ne7 Kg7 24. Kg2 Rhh8 25. f3 Nf6 26. Nxg6 Bxd5 27. Nxh8
Bxf3+ 28. Kxf3 Qb7+ 29. Re4 Re8 30. Qb3 Qxb3+ 31. axb3 Nxe4 32. Rxe4 Rb8 33. b4
1/2-1/2